La restitución de tierras en Colombia : (Registro nro. 6302)

Detalles MARC
000 -LEADER
fixed length control field 01184nam a2200241Ia 4500
003 - CONTROL NUMBER IDENTIFIER
control field OSt
005 - DATE AND TIME OF LATEST TRANSACTION
control field 20210608103622.0
008 - FIXED-LENGTH DATA ELEMENTS--GENERAL INFORMATION
fixed length control field 191128s2014 ck aodbgr 000 0 spa d
020 ## - INTERNATIONAL STANDARD BOOK NUMBER
International Standard Book Number 9789585880122
040 ## - CATALOGING SOURCE
Original cataloging agency CO-JMCR
Transcribing agency CO-JMCR
041 0# - LANGUAGE CODE
Language code of text/sound track or separate title spa
082 04 - DEWEY DECIMAL CLASSIFICATION NUMBER
Classification number 333.73 /
Item number C718r
Edition number 23
110 1# - MAIN ENTRY--CORPORATE NAME
Corporate name or jurisdiction name as entry element Colombia.
Subordinate unit Ministerio de Agricultura.
-- Unidad de Restitución de Tierras
9 (RLIN) 6104
245 13 - TITLE STATEMENT
Title La restitución de tierras en Colombia :
Remainder of title del sueño a la realidad /
Statement of responsibility, etc. Unidad de Restitución de Tierras
260 ## - PUBLICATION, DISTRIBUTION, ETC.
Place of publication, distribution, etc. Bogotá :
Name of publisher, distributor, etc. Ministerio de Agricultura : Unidad de Restitución de Tierras,
Date of publication, distribution, etc. 2014
300 ## - PHYSICAL DESCRIPTION
Extent 485 páginas :
Other physical details ilustraciones, fotografías, gráficos y mapas a color ;
Dimensions 25 cm.
500 ## - GENERAL NOTE
General note Incluye notas a pie de página.
505 0# - FORMATTED CONTENTS NOTE
Formatted contents note Antecedentes y contexto -- Implementación de la Ley -- Restituir derechos territoriales de comunidades étnicas en Colombia: retos y oportunidades -- Gestión territorial -- Miradas de la restitución
650 14 - SUBJECT ADDED ENTRY--TOPICAL TERM
Topical term or geographic name entry element Conflicto armado
General subdivision efectos sobre la agricultura
Geographic subdivision Colombia
9 (RLIN) 6105
650 24 - SUBJECT ADDED ENTRY--TOPICAL TERM
Topical term or geographic name entry element Desplazamiento forzado
General subdivision aspectos sociales
Geographic subdivision Colombia
9 (RLIN) 6106
650 24 - SUBJECT ADDED ENTRY--TOPICAL TERM
Topical term or geographic name entry element Restitución de tierras
Geographic subdivision Colombia
9 (RLIN) 6107
942 ## - ADDED ENTRY ELEMENTS (KOHA)
Source of classification or shelving scheme Dewey Decimal Classification
Koha item type Books
Existencias
Withdrawn status Lost status Source of classification or shelving scheme Damaged status Not for loan Collection code Home library Current library Date acquired Source of acquisition Cost, normal purchase price Total Checkouts Full call number Barcode Date last seen Copy number Koha item type Price effective from
    Dewey Decimal Classification     Non-fiction Biblioteca Pública José María del Castillo y Rada Biblioteca Pública José María del Castillo y Rada 12/12/2017 Donación 0.00   333.73 / C718r 430012358 05/16/2024 Ej.1 Books  
    Dewey Decimal Classification     Non-fiction Biblioteca Pública José María del Castillo y Rada Biblioteca Pública José María del Castillo y Rada 04/15/2018 Donación 0.00   333.73 / C718r 430000725 05/16/2024 Ej.2 Books 06/08/2021